000 00279nam a2200109Ia 4500
008 231212s1994 xx 000 0 und d
041 _aeng
082 _a658.9
100 _aBadri Ram
245 _aFundamentals Of Microprocessor & Microcomputers
260 _aDelhi
_bDhanpat
_c1994
999 _c964279
_d964279